LEADER 01068nam a2200253 i 4500 001 000000226666 003 CaOOAMICUS 005 20140129000000.0 008 140129s1837 it u000 u ita u 013 $a205568 040 $aSeMil$bita 100 1 $aEmmerick, Anna Katharina,$c.$0(OLS)http://semarc/name/9798 245 13$aLa dolorosa passione di Nostro Signore Gesł Cristo /$csecondo le interpretazioni di Anna Catharina Emmerich. 250 $aPrima versione italiana sulla 4. ed. tedesca. 260 $aMilano :$bSanto Bravetta,$c1837. 300 $aCV, 426 p. ;$c15 cm. 500 $aFondo Bidoglio. 650 4$aGesł Cristo - Passione - Meditazioni.$0(OLS)http://semarc/subject/5151 850 $aSeMil 852 $aSeMil$W1$xVenegono$y1$m2ZB X 3 FA$j177012$B177012$CSeMilBibl$Z2$F187933 $8I 941 1 $a2 961 $aLascito: Bidoglio don Maurizio 996 $6245$aLa dolorosa passione di Nostro Signore Gesł Cristo$9(OLS)http://semarc/title/324517 996 $6260$aMilano :$bSanto Bravetta$9(OLS)http://semarc/publisher/43917 LEADER 00507nab a2200145 i 4500 001 000000279798 003 CaOOAMICUS 005 20180831165132.0 008 180831n xx uu u0 0und r 013 $a31565 040 $aSeMil$bita 245 10$a[vedi periodico]. 773 0 $t2012 : [2].$dPisa ; Roma : Fabrizio Serra, 2013.$w()222337 774 0 $tElenco delle pronunce della Corte Suprema di Cassazione di interesse ecclesiastico (1984-2012).$w()320542 996 $6245$a[vedi periodico]$9(OLS)http://semarc/title/309439